The dog : its ailments and diseases /

Bibliographic Details
Main Author: McMichan, B. A. (Bernard A.)
Other Authors: McKay, W. J. Stewart (William John Stewart), 1866-
Format: Book
Language:English
Published: Sydney ; London : Angus and Robertson, 1948.
Edition:Second, revised edition, reprinted.
Subjects:

MARC

Tag First Indicator Second Indicator Subfields
LEADER 00000cam a2200000Ma 4500
001 in00004538113
005 20180104140632.0
008 870309s1948 xnaaf 001 0 eng d
035 |a (OCoLC)ocn220056979 
035 |a (OCoLC)220056979 
040 |a AU@  |b eng  |c AU@  |d OCLCF  |d OCLCO  |d OCLCQ  |d TMV  |d UtOrBLW 
043 |a u-at--- 
049 |a TMVM 
060 4 |a SF 991  |b M167d 1948 
100 1 |a McMichan, B. A.  |q (Bernard A.) 
245 1 4 |a The dog :  |b its ailments and diseases /  |c by B.A. McMichan, R.V.S. ; with two special sections on tick paralysis and hydatid disease in dogs by W.J. Stewart McKay, M.B., M.Ch., B.Sc.(Syd.). 
250 |a Second, revised edition, reprinted. 
264 1 |a Sydney ;  |a London :  |b Angus and Robertson,  |c 1948. 
264 3 |a Sydney :  |b Halstead Press Pty Limited, 9-19 Nickson Street 
300 |a x, 245 pages, 2 unnumbered pages of plates :  |b illustrations ;  |c 19 cm 
336 |a text  |b txt  |2 rdacontent 
337 |a unmediated  |b n  |2 rdamedia 
338 |a volume  |b nc  |2 rdacarrier 
500 |a Includes index. 
561 |a Francis P. Fretwell (bookplate "Francis P. Fretwell, Monfret Cynological Library").  |5 TMV 
563 |a In dust jacket.  |5 TMV 
650 0 |a Dogs  |x Diseases.  |0 http://id.loc.gov/authorities/subjects/sh85038798 
650 0 |a Dogs.  |0 http://id.loc.gov/authorities/subjects/sh85038796 
650 2 |a Dogs.  |0 https://id.nlm.nih.gov/mesh/D004285 
650 2 |a Dog Diseases.  |0 https://id.nlm.nih.gov/mesh/D004283 
650 2 |a Veterinary Medicine.  |0 https://id.nlm.nih.gov/mesh/D014730 
650 7 |a Dogs  |x Diseases.  |2 fast  |0 (OCoLC)fst00896282 
700 1 |a McKay, W. J. Stewart  |q (William John Stewart),  |d 1866-  |0 http://id.loc.gov/authorities/names/nr2004029439 
999 |a MARS 
999 f f |s bfe7e42c-a993-3c45-b2eb-e5283032dcbb  |i f22ce940-340f-3a41-bf1c-9b031e3c6b01  |t 0 
952 f f |p noncirc  |a Texas A&M University  |b J.J. Pickle Campus  |c High Density Repository  |d Remote Storage  |t 0  |e SF 991 M167d 1948  |h National Library of Medicine classification  |i unmediated -- volume  |m 3238902753324 
998 f f |a SF 991 M167d 1948  |t 0  |l Remote Storage